|
|
|
|
| LEADER |
01655nam a22004093i 4500 |
| 001 |
EBC7245627 |
| 003 |
MiAaPQ |
| 005 |
20231204023229.0 |
| 006 |
m o d | |
| 007 |
cr cnu|||||||| |
| 008 |
231204s2021 xx o ||||0 eng d |
| 020 |
|
|
|a 9781000515244
|q (electronic bk.)
|
| 020 |
|
|
|z 9781032055985
|
| 035 |
|
|
|a (MiAaPQ)EBC7245627
|
| 035 |
|
|
|a (Au-PeEL)EBL7245627
|
| 035 |
|
|
|a (OCoLC)1378936854
|
| 040 |
|
|
|a MiAaPQ
|b eng
|e rda
|e pn
|c MiAaPQ
|d MiAaPQ
|
| 082 |
0 |
|
|a 338.1082
|
| 100 |
1 |
|
|a Castellanos, Paige.
|
| 245 |
1 |
0 |
|a Gender, Food and COVID-19 :
|b Global Stories of Harm and Hope.
|
| 250 |
|
|
|a 1st ed.
|
| 264 |
|
1 |
|a Milton :
|b Taylor & Francis Group,
|c 2021.
|
| 264 |
|
4 |
|c Ã2022.
|
| 300 |
|
|
|a 1 online resource (181 pages)
|
| 336 |
|
|
|a text
|b txt
|2 rdacontent
|
| 337 |
|
|
|a computer
|b c
|2 rdamedia
|
| 338 |
|
|
|a online resource
|b cr
|2 rdacarrier
|
| 490 |
1 |
|
|a Routledge Focus on Environment and Sustainability Series
|
| 588 |
|
|
|a Description based on publisher supplied metadata and other sources.
|
| 590 |
|
|
|a Electronic reproduction. Ann Arbor, Michigan : ProQuest Ebook Central, 2023. Available via World Wide Web. Access may be limited to ProQuest Ebook Central affiliated libraries.
|
| 655 |
|
4 |
|a Electronic books.
|
| 700 |
1 |
|
|a Sachs, Carolyn E.
|
| 700 |
1 |
|
|a Tickamyer, Ann R.
|
| 776 |
0 |
8 |
|i Print version:
|a Castellanos, Paige
|t Gender, Food and COVID-19
|d Milton : Taylor & Francis Group,c2021
|z 9781032055985
|
| 797 |
2 |
|
|a ProQuest (Firm)
|
| 830 |
|
0 |
|a Routledge Focus on Environment and Sustainability Series
|
| 856 |
4 |
0 |
|u https://ebookcentral.proquest.com/lib/matrademy/detail.action?docID=7245627
|z Click to View
|